000 00703nam a2200253Ia 4500
003 OSt
005 20220927105255.0
006 a|||||r|||| 00| 0
007 ta
008 220926b |||||||| |||| 00| 0 eng d
020 _a13:9780674023284
024 _a168136
037 _cReference Collections
040 _aRTL
_cRTL
_beng
041 _2eng
_aeng
082 _a"Y:1, P7"
100 _aLandecker Hannah
_9371380
245 0 _aCulturing life
_b How cells became technologies
260 _aCambridge
_bHarvard University Press
_c2007
300 _a"x, 276p"
_ccm.
650 _aSociology
942 _h"Y:1, P7"
_cCC
999 _c691578
_d691578